| 000 | 00000nam 2200000zi 4500 |
| 001 | 9.898208 |
| 003 | CaOODSP |
| 005 | 20240719110027 |
| 006 | m o d f |
| 007 | cr |n||||||||| |
| 008 | 210401s1970 oncb o f000 0|eng d |
| 040 | |aCaOODSP|beng|erda|cCaOODSP |
| 043 | |an-cn-nk|an-cn--- |
| 086 | 1 |aRE24-51/1970E-PDF |
| 245 | 00|aCanada/New Brunswick special areas and highways agreement 1970/72. |
| 264 | 1|a[Ottawa] : |bDepartment of Regional Economic Expansion, |c[1970] |
| 300 | |a1 online resource (1 volume (various pagings)) : |bmaps |
| 336 | |atext|btxt|2rdacontent |
| 337 | |acomputer|bc|2rdamedia |
| 338 | |aonline resource|bcr|2rdacarrier |
| 500 | |aDigitized edition from print [produced by Innovation, Science and Economic Development Canada]. |
| 500 | |aIssued also in French under title: Canada-Nouveau-Brunswick entente sur les zones spéciales et les routes, 1970-1972. |
| 650 | 0|aRoads|zNew Brunswick|xFinance. |
| 650 | 0|aEconomic assistance, Domestic|zNew Brunswick. |
| 650 | 0|aRegional planning|zNew Brunswick. |
| 650 | 0|aFederal government|zNew Brunswick. |
| 651 | 0|aNew Brunswick|xEconomic policy. |
| 710 | 1 |aCanada. |bDepartment of Regional Economic Expansion, |eissuing body. |
| 775 | 08|tCanada-Nouveau-Brunswick entente sur les zones spéciales et les routes, 1970-1972.|w(CaOODSP)9.940775 |
| 856 | 40|qPDF|s1.14 MB|uhttps://publications.gc.ca/collections/collection_2024/isde-ised/re24/RE24-51-1970-eng.pdf |